Statistics for Zac Efron Movies

Click here to take the quiz!

General Stats

  • This quiz has been taken 25 times
    (11 since last reset)
  • The average score is 16 of 48

Answer Stats

YearMovie% Correct
2006High School Musical
100%
2007High School Musical 2
100%
2008High School Musical 3: Senior Year
100%
2007Hairspray
78%
2012The Lorax
78%
2010Charlie St. Cloud
67%
2016Dirty Grandpa
67%
2017The Greatest Showman
67%
TBDThe Greatest Showman 2
67%
200917 Again
56%
2017Baywatch
56%
2014Neighbors
56%
2016Neighbors 2: Sorority Rising
56%
2017Mike and Dave Need Wedding Dates
44%
2020Scoob!
44%
2012The Lucky One
44%
2012At Any Price
33%
TBDFire
33%
2022Firestarter
33%
2013Parkland
33%
2005The Derby Stallion
33%
2012The Paperboy
33%
2015We Are Your Friends
33%
2019Beach Bum
22%
TBD
The Iron Claw
22%
2019Extremely Wicked, Shockingly Evil and Vile
22%
2022Gold
22%
2006If You Lived Here, You'd be Home Now
22%
2012Liberal Arts
22%
2008Me and Orson Welles
22%
2003Melinda's World
22%
2004Miracle Run
22%
2011New Year's Eve
22%
TBDRicky Stanicky
22%
2014That Awkward Moment
22%
2017The Disaster Artist
22%
2022The Greatest Beer Run Ever
22%
TBDArt of the Steal
0%
TBDEinstein Theory
0%
TBDKing of the Jungle
0%
TBDNarc
0%
TBDStraight to Hell
0%
TBDThe Associate
0%
2022Three Men and a Baby
0%
TBDUntitled High School Musical 4
0%
TBDUntitled Marvel Project
0%
TBDUntitled Romcom/Netflix
0%
TBDUntitled Workplace Comedy
0%

Score Distribution

Percentile by Number Answered

Percent of People with Each Score

Your Score History

You have not taken this quiz since the last reset